Normal view
MARC view
Entry Topical Term
001 - CONTROL NUMBER
- control field: 11997
003 - CONTROL NUMBER IDENTIFIER
- control field: dpl
005 - DATE AND TIME OF LATEST TRANSACTION
- control field: 20100812155942.0
008 - FIXED-LENGTH DATA ELEMENTS
- fixed length control field: 100812|||a|||||| | ||| d
040 ## - CATALOGING SOURCE
- Original cataloging agency: dpl
- Transcribing agency: dpl
150 ## - HEADING--TOPICAL TERM
- Topical term or geographic name as entry element: विज्ञान
670 ## - SOURCE DATA FOUND
- Source citation: Work cat.: (dpl)32541: शर्मा, मंजू 11996, दैनिक जीवन में विज्ञान /, 2007
670 ## - SOURCE DATA FOUND
- Source citation: Work cat.: (dpl)32541: शर्मा, मंजू 11996, दैनिक जीवन में विज्ञान /, 2007
